| 000 | 00619nam a22001937a 4500 | ||
|---|---|---|---|
| 001 | 113542 | ||
| 003 | DR-UNIBE | ||
| 005 | 20250508095615.0 | ||
| 008 | 250502b2002 gt ||||| |||| 00| 0 spa d | ||
| 040 |
_aBIBLIOTECA UNIBE _bspa _cBIBLIOTECA UNIBE _erda |
||
| 041 | _aspa | ||
| 082 | _aF 5683 | ||
| 245 | 1 | 0 |
_a Ley de amparo, exhibición personal y de constitucionalidad : _b acuerdos y autos acordados de la Corte de Constitucionalidad |
| 260 |
_aGuatemala : _bCorte de Constituconalidad, _c2002 |
||
| 300 | _a97 páginas | ||
| 490 | _aColección folletos | ||
| 650 | 7 |
_2lemb _aRecurso de amparo |
|
| 942 |
_2ddc _cMX |
||
| 999 |
_c113542 _d113542 |
||